Vásárlói Élmények és Ügyfélelégedettség Vizsgálata az Aldinál
| Szerző: | |
|---|---|
| További közreműködők: | |
| Dokumentumtípus: | Projektmunka |
| Kulcsszavak: | élelmiszer-kereskedelem kereskedelem lojalitás marketing márkahűség |
| Online Access: | http://dolgozattar.uni-bge.hu/60052 |
MARC
| LEADER | 00000nnm a2200000 i 4500 | ||
|---|---|---|---|
| 001 | dolg60052 | ||
| 005 | 20260409145925.0 | ||
| 008 | 260409suuuu hu o 000 hun d | ||
| 040 | |a BGE Dolgozattár Repozitórium |b hun | ||
| 041 | |a hu | ||
| 100 | 1 | |a Pongó Barbara Beatrix | |
| 245 | 1 | 0 | |a Vásárlói Élmények és Ügyfélelégedettség Vizsgálata az Aldinál |c Pongó Barbara Beatrix |h [elektronikus dokumentum] |
| 516 | |a Project_work | ||
| 520 | 3 | |a A projektmunkám fő célja az Aldi bemutatása, azon belül kifejezetten az vásárlói lojalitás vizsgálata. Miért választják inkább az Aldit mint a konkurenciát. A vásárlás folyamata, és a vásárlást befolyásoló tényezők bemutatása után az Aldi stratégiái bemutatása. Fontosnak tartom hogy a projektmunkám elején bemutassam hogy maga a vásárlás hogyan zajlik, és hogy a vevőknek mi a fontos. Ezek tisztázása nélkül nem érthetjük a további információkat. A kutatásomat kérdőív felhasználásával készítettem, ahol kiderülnek az Aldi pozitív illetve a negatív tulajdonságai is. Összehasonlítottam az egyi k konkurencia üzletlánccal, ami érthetőbbé teszi a különbséget a kettő között. Végül összefoglalom a megtudott információkat és javaslatokat teszek az esetleges hiányosságok javítására is, amit a vizsgálataimmal derítettem ki, illetve tapasztalataimból szűrtem le. | |
| 695 | |a élelmiszer-kereskedelem | ||
| 695 | |a kereskedelem | ||
| 695 | |a lojalitás | ||
| 695 | |a marketing | ||
| 695 | |a márkahűség | ||
| 700 | 1 | |a Kasza Lajos |e ths | |
| 856 | 4 | 0 | |u http://dolgozattar.uni-bge.hu/60052/1/szakdoga%20fo%CC%8B.pdf |z Dokumentum-elérés |
| 856 | 4 | 0 | |u http://dolgozattar.uni-bge.hu/60052/2/eredetisegi-nyilatkozat.pdf |z Dokumentum-elérés |
| 856 | 4 | 0 | |u http://dolgozattar.uni-bge.hu/60052/3/Pong%C3%B3%20Barbara%20FOSZK%20b%C3%ADr%C3%A1lati%20lap.pdf |z Dokumentum-elérés |